世界国家(中国版-无提示困难版) - Statistics

General Stats
  • This quiz has been taken 24 times
  • The average score is 156 of 197
Answer Stats
国家 % Correct
美国
94%
文莱
94%
中国
94%
阿富汗
88%
阿曼
88%
巴布亚新几内亚
88%
巴基斯坦
88%
巴勒斯坦
88%
不丹
88%
朝鲜
88%
德国
88%
东帝汶
88%
法国
88%
梵蒂冈
88%
菲律宾
88%
格鲁吉亚
88%
哈萨克斯坦
88%
韩国
88%
吉尔吉斯斯坦
88%
柬埔寨
88%
卡塔尔
88%
老挝
88%
马来西亚
88%
缅甸
88%
尼泊尔
88%
日本
88%
塞浦路斯
88%
沙特阿拉伯
88%
斯里兰卡
88%
塔吉克斯坦
88%
泰国
88%
汤加
88%
土耳其
88%
土库曼斯坦
88%
乌兹别克斯坦
88%
叙利亚
88%
亚美尼亚
88%
也门
88%
伊拉克
88%
伊朗
88%
以色列
88%
意大利
88%
印度
88%
印度尼西亚
88%
越南
88%
阿尔及利亚
81%
阿根廷
81%
阿拉伯联合酋长国
81%
阿塞拜疆
81%
埃及
81%
埃塞俄比亚
81%
爱沙尼亚
81%
澳大利亚
81%
巴拿马
81%
巴西
81%
保加利亚
81%
冰岛
81%
玻利维亚
81%
赤道几内亚
81%
丹麦
81%
俄罗斯
81%
斐济
81%
刚果共和国
81%
刚果民主共和国
81%
哥斯达黎加
81%
黑山
81%
基里巴斯
81%
几内亚
81%
加拿大
81%
加纳
81%
捷克
81%
津巴布韦
81%
科威特
81%
肯尼亚
81%
库克群岛
81%
拉脱维亚
81%
立陶宛
81%
卢旺达
81%
罗马尼亚
81%
马尔代夫
81%
毛里求斯
81%
蒙古
81%
密克罗尼西亚联邦
81%
摩洛哥
81%
莫桑比克
81%
墨西哥
81%
纳米比亚
81%
南非
81%
南苏丹
81%
尼日尔
81%
帕劳
81%
葡萄牙
81%
塞尔维亚
81%
斯洛伐克
81%
苏丹
81%
索马里
81%
坦桑尼亚
81%
突尼斯
81%
图瓦卢
81%
瓦努阿图
81%
危地马拉
81%
委内瑞拉
81%
乌干达
81%
乌拉圭
81%
西班牙
81%
新加坡
81%
新西兰
81%
匈牙利
81%
乍得
81%
智利
81%
安道尔
75%
安哥拉
75%
奥地利
75%
巴巴多斯
75%
巴哈马
75%
巴拉圭
75%
巴林
75%
白俄罗斯
75%
北马其顿
75%
贝宁
75%
比利时
75%
秘鲁
75%
波斯尼亚和黑塞哥维那
75%
伯利兹
75%
博茨瓦纳
75%
布基纳法索
75%
多哥
75%
多米尼加
75%
厄瓜多尔
75%
厄立特里亚
75%
芬兰
75%
佛得角
75%
冈比亚
75%
哥伦比亚
75%
古巴
75%
圭亚那
75%
海地
75%
荷兰
75%
洪都拉斯
75%
吉布提
75%
克罗地亚
75%
黎巴嫩
75%
利比里亚
75%
利比亚
75%
列支敦士登
75%
马达加斯加
75%
马耳他
75%
马拉维
75%
马里
75%
马绍尔群岛
75%
毛里塔尼亚
75%
瑙鲁
75%
尼加拉瓜
75%
纽埃
75%
挪威
75%
瑞典
75%
瑞士
75%
萨尔瓦多
75%
萨摩亚
75%
塞拉利昂
75%
塞舌尔
75%
圣多美和普林西比
75%
圣基茨和尼维斯
75%
圣马力诺
75%
斯洛文尼亚
75%
斯威士兰
75%
苏里南
75%
特立尼达和多巴哥
75%
乌克兰
75%
希腊
75%
牙买加
75%
英国
75%
约旦
75%
中非
75%
阿尔巴尼亚
69%
爱尔兰
69%
安提瓜和巴布达
69%
布隆迪
69%
多米尼克
69%
加蓬
69%
科摩罗
69%
科特迪瓦
69%
莱索托
69%
卢森堡
69%
摩纳哥
69%
尼日利亚
69%
塞内加尔
69%
所罗门群岛
69%
赞比亚
69%
波兰
63%
格林纳达
63%
几内亚比绍
63%
喀麦隆
63%
孟加拉国
63%
摩尔多瓦
63%
圣卢西亚
63%
圣文森特和格林纳丁斯
63%
No matching quizzes found
Score Distribution
Percent of People with Each Score
Percentile by Number Answered
Your Score History
You have not taken this quiz